00487nam a2200169Ia 450000500170000000800410001704000190005804100120007708200240008910000180011324500460013126000300017730000100020765000670021765100230028485000100030720230522135126.0131103s9999 xx 000 0 und d aLoreto College aEnglish aTAG 891.44bTAG-DAS aDas, Khudiram aRabindra pratibhar parichaycKhudiram Das aCalcuttabPuthigharc1953 a495p  aTagore, Rabindranath, 1861-1941 - Criticism and Interpretation aBengali Literature aLCLIB